000 00457nam a2200145Ia 4500
008 231217s9999 xx 000 0 und d
041 _aEnglish
082 _a004.35 CUL
100 _aCuller, David ESingh, Jaswinder Pal
245 0 _aParallel computer architecture: A hardware/software approach
260 _c1999
_bSingapore : Harcourt Asia/Morgan,
300 _axxix+1025
650 _aParallel computersHardware and software apporach
942 _cAA
999 _c169813
_d169813